Catálogo público

Cultivos de fibras / (Record no. 218271)

MARC details
000 -CABECERA
campo de control de longitud fija 00918nam a2200253 a 4500
003 - IDENTIFICADOR DEL NÚMERO DE CONTROL
campo de control OSt
005 - FECHA Y HORA DE LA ÚLTIMA TRANSACCIÓN
campo de control 20230905144133.0
007 - CAMPO FIJO DE DESCRIPCIÓN FÍSICA--INFORMACIÓN GENERAL
campo de control de longitud fija ta
008 - DATOS DE LONGITUD FIJA--INFORMACIÓN GENERAL
campo de control de longitud fija 230206s2009 mx a||||||||| 001 0 spa d
020 ## - NÚMERO INTERNACIONAL ESTÁNDAR DEL LIBRO
Número Internacional Estándar del Libro 9786071700223
040 ## - FUENTE DE LA CATALOGACIÓN
Centro/agencia transcriptor CHAP
082 00 - NÚMERO DE LA CLASIFICACIÓN DECIMAL DEWEY
Número de edición 22
Número de clasificación 633.5
Número de documento/Ítem C96 2009
245 00 - MENCIÓN DE TÍTULO
Título Cultivos de fibras /
Mención de responsabilidad, etc. basado en el trabajo de Alberto Sánchez Potes; colaboración F. R. Kirchner Salinas...[y otros tres]
250 ## - MENCIÓN DE EDICIÓN
Mención de edición Tercera edición.
264 #1 - PRODUCCIÓN, PUBLICACIÓN, DISTRIBUCIÓN, FABRICACIÓN Y COPYRIGHT
Producción, publicación, distribución, fabricación y copyright México :
Nombre del de productor, editor, distribuidor, fabricante Trillas,
Fecha de producción, publicación, distribución, fabricación o copyright 2009.
300 ## - DESCRIPCIÓN FÍSICA
Extensión 101 páginas:
Otras características físicas Ilustraciones.
490 1# - MENCIÓN DE SERIE
Mención de serie Manuales para educación agropecuaria.
Designación de volumen o secuencia Producción vegetal.
504 ## - NOTA DE BIBLIOGRAFÍA, ETC.
Nota de bibliografía, etc. Bibliografía páginas: 99-101
650 #4 - PUNTO DE ACCESO ADICIONAL DE MATERIA--TÉRMINO DE MATERIA
9 (RLIN) 187371
Término de materia o nombre geográfico como elemento de entrada Fibras vegetales
Subdivisión general Producción
700 1# - PUNTO DE ACCESO ADICIONAL--NOMBRE DE PERSONA
9 (RLIN) 107765
Nombre de persona Sánchez Potes, Alberto
700 1# - PUNTO DE ACCESO ADICIONAL--NOMBRE DE PERSONA
9 (RLIN) 131124
Nombre de persona Kirchner Salinas, F. R.
Término indicativo de función/relación Colaborador.
830 ## - PUNTO DE ACCESO ADICIONAL DE SERIE-TÍTULO UNIFORME
9 (RLIN) 142161
Título uniforme Manuales para educación agropecuaria
Designación de volumen o secuencia Producción vegetal
942 ## - ELEMENTOS DE PUNTO DE ACCESO ADICIONAL (KOHA)
Tipo de ítem Koha
Fuente del sistema de clasificación o colocación Dewey Decimal Classification
Holdings
Estado de retiro Estado de pérdida Fuente del sistema de clasificación o colocación Estado dañado Restricciones de uso No para préstamo Código de colección Localización permanente Ubicación/localización actual Ubicación en estantería Fecha de adquisición Total de préstamos Signatura topográfica completa Código de barras Fecha visto por última vez Precio válido a partir de Tipo de ítem Koha Número de copia
    Dewey Decimal Classification   Préstamo 15 días   General Biblioteca Central Biblioteca Central Planta principal - Colección General 18/07/2023   633.5 C96 2009 33724002574991 18/07/2023 18/07/2023 Libro  
    Dewey Decimal Classification   Préstamo 15 días   General Biblioteca Central Biblioteca Central Planta principal - Colección General 18/07/2023   633.5 C96 2009 33724002575033 18/07/2023 18/07/2023 Libro c.2